Elektrónová štruktúra niektorých sklotvorných zliatin typu tranzitívny kov - polokov : Kand.diz.práca : V.odb. 11-20-9 : Obh. 02.02.1984 : Projekt I-1-3 /

Gespeichert in:
Bibliographische Detailangaben
1. Verfasser: Hricovíni, Karol (Verfasst von)
Weitere Verfasser: Krempaský, Július, 1931- (Betreuung Doktorarbeit)
Format: Manuskript Buch
Veröffentlicht: Bratislava : SVŠT v Bratislave EF, 1983
Schlagworte:
Tags: Tag hinzufügen
Keine Tags, Fügen Sie das erste Tag hinzu!

MARC

LEADER 00000ntm a22000003a 4500
001 stu4546
005 20150617225658.5
008 ------s1983----------------------------d
040 |a STU  |b slo 
041 0
100 1 |a Hricovíni, Karol  |4 aut 
245 1 |a Elektrónová štruktúra niektorých sklotvorných zliatin typu tranzitívny kov - polokov :  |b Kand.diz.práca : V.odb. 11-20-9 : Obh. 02.02.1984 : Projekt I-1-3 /  |c [aut.] Hricovíni,Karol, Ing.; Škol. Krempaský,Július 
260 |a Bratislava :  |b SVŠT v Bratislave EF,  |c 1983 
300 |a 135 s 
650 7 |a experimentálna fyzika  |2 stusub 
650 7 |a fyzika tuhých látok  |2 stusub 
650 7 |a kovové sklá  |2 stusub 
650 7 |a elektrónová štruktúra tuhých látok  |2 stusub 
700 1 |a Krempaský, Július,  |d 1931-  |4 ths  |u E150  |U FEI Fakulta elektrotechniky a informatiky  |T FEI Katedra fyziky  |X 4391  |U E150  |Y 62  |7 A000004391 
996 |b 284ED00104  |c E*KDIZ-422  |l EE01  |s A  |a 24  |w stu4546_0001